书目信息 |
| 题名: |
摔跤竞赛规则
|
|
| 作者: | ;国家体育运动委员会 审定 | |
| 分册: | 1975 | |
| 出版信息: | 北京 人民体育出版社 1975 |
|
| 页数: | 38页 | |
| 开本: | 14cm | |
| 丛书名: | ||
| 单 册: | ||
| 中图分类: | G86.24 | |
| 科图分类: | ||
| 主题词: | 摔跤-竞赛规则 , 竞赛规则-摔跤 | |
| 电子资源: | ||
| ISBN: | ||
| 000 | 00751nam0 2200253 45 | |
| 001 | 0175001689 | |
| 005 | 20060815083324.10 | |
| 010 | @dCNY0.08 | |
| 100 | @a19950929d1975 em y0chiy0121 ea | |
| 101 | 0 | @achi |
| 102 | @aCN@b110000 | |
| 105 | @af z 000yy | |
| 200 | 10 | @a摔跤竞赛规则@Ashuai jiao jing sai gui ze@h1975@f国家体育运动委员会审定 |
| 205 | @a2版 | |
| 210 | @a北京@c人民体育出版社@d1975 | |
| 215 | @a38页@c图@d14cm | |
| 300 | @a书末附录:摔跤运动员称量体重记录表、摔跤记分表、摔跤成绩记录表 | |
| 606 | @a摔跤-竞赛规则 | |
| 606 | @a竞赛规则-摔跤 | |
| 690 | @aG86.24@v3 | |
| 711 | 02 | @a国家体育运动委员会@Aguo jia ti yu yun dong wei yuan hui@4审定 |
| 801 | 2 | @aCN@bNLC@c20060815 |
| 801 | 0 | @aCN@bTSSF |
| 905 | @a10447@dG86.24@e39=2 | |
| 摔跤竞赛规则.1975/国家体育运动委员会审定.-2版.-北京:人民体育出版社,1975 |
| 38页:图;14cm |
| 书末附录:摔跤运动员称量体重记录表、摔跤记分表、摔跤成绩记录表 |
| ISBN :CNY0.08 |
| ● |
| 相关链接 |
|
|
|
|
正题名:摔跤竞赛规则
索取号:G86.24/39=2
 
预约/预借
| 序号 | 登录号 | 条形码 | 馆藏地/架位号 | 状态 | 备注 |
| 1 | 0460063 | 204600636 | 密集书库/ [索取号:G86.24/39=2] | 在馆 | |
| 2 | 0460064 | 204600645 | 密集书库/ [索取号:G86.24/39=2] | 在馆 |